Técnica operatoria veterinaria / (Record no. 131709)

MARC details
000 -LEADER
campo de control de longitud fija 00710nam a2200205 4500
001 - NÚMERO DE CONTROL
campo de control 131709
003 - IDENTIFICADOR DE NÚMERO DE CONTROL
campo de control ES-MaACL
005 - FECHA Y HORA DE LA ÚLTIMA TRANSACCIÓN
campo de control 20230906194030.0
007 - CAMPO FIJO DE DESCRIPCIÓN FÍSICA--INFORMACIÓN GENERAL
campo de control de longitud fija t|
008 - DATOS DE LONGITUD FIJA--INFORMACIÓN GENERAL
campo de control de longitud fija 070214s1947 sp r ||||1| spa d
100 1# - ENTRADA PRINCIPAL--NOMBRE DE PERSONA
Nombre de persona Roeder, Oskar.
9 (RLIN) 98892
245 10 - MENCIÓN DEL TÍTULO
Título Técnica operatoria veterinaria /
Mención de responsabilidad, etc. Oskar Roeder, Ewald Berge ; traducción de de la quinta edición alemana por Miguel Martín Ortiz, Angel Morales Herrera.
250 ## - MENCION DE EDICION
Mención de edición 1ª. ed. reimp.
260 ## - PUBLICACIÓN, DISTRIBUCIÓN, ETC.
Lugar de publicación, distribución, etc. Barcelona :
Nombre del editor, distribuidor, etc. Espasa Calpe,
Fecha de publicación, distribución, etc. 1947.
300 ## - DESCRIPCIÓN FÍSICA
Extensión IX, 287 p. :
Otras características físicas il. ;
Dimensiones 22 cm.
700 1# - ENTRADA AGREGADA--NOMBRE PERSONAL
Nombre de persona Berge, Ewald.
9 (RLIN) 27941
700 1# - ENTRADA AGREGADA--NOMBRE PERSONAL
Nombre de persona Martín Ortiz, Miguel.
9 (RLIN) 77590
700 1# - ENTRADA AGREGADA--NOMBRE PERSONAL
Nombre de persona Morales Herrera, Ángel.
9 (RLIN) 83043
852 ## - LOCALIZACIÓN
Ubicación ES-MaACL
Número de control de estantería C-4093
Sublocalización o colección R.23689
Holdings
Estatus retirado Estado de pérdida Estado de daño No para préstamo Biblioteca de origen Biblioteca actual Ubicación en estantería Fecha de adquisición Fuente de adquisición Total de préstamos Signatura topográfica completa Código de barras Visto por última vez Precio de reemplazo Tipo de ítem Koha
        Biblioteca del Ateneo de Madrid Biblioteca del Ateneo de Madrid Sala Palomar 17/01/2008     C-4093 1137115 23/02/2023 23/02/2023 Libro impreso